Loading...
Environment, development and the gender gap
| Main Author: | |
|---|---|
| Format: | Printed Book |
| Language: | Undetermined |
| Published: |
New Delhi
Sage Publications
1995
|
| LEADER | 00553nam a2200145Ia 4500 | ||
|---|---|---|---|
| 008 | 161229s9999 xx 000 0 und d | ||
| 020 | |a 8170364418 | ||
| 082 | |a 305.42 SAN/EN | ||
| 100 | |a Sandhya Venkateswaran | ||
| 245 | |a Environment, development and the gender gap | ||
| 260 | |b Sage Publications |a New Delhi |c 1995 | ||
| 300 | |a 234 | ||
| 942 | |c BK | ||
| 999 | |c 151466 |d 151466 | ||
| 952 | |0 0 |1 0 |4 0 |6 305_420000000000000_SANEN |7 0 |9 150518 |a KAUCLV |b KAUCLV |d 2016-12-29 |g 250.00 |o 305.42 SAN/EN |p 902775 |r 2016-12-29 |w 2016-12-29 |y BK |z Book transferred from CCBM Library ,Acc.No:6156 | ||